00552nam a2200169 a 450000100100000000500170001000800410002704000250006808200200009310000410011324500550015426000390020930000200024850000630026865000240033165000270035500001412520240412074240.0091204s1984 dr 001 p spa d aDO-SdBNPbspacBNPHU aRD861.44bV297u1 aVargas Genao, Caracciolo,d1927-201514aUna cita con las musas /cCaracciolo Vargas Genao. a[Santo Domingo] :b[s. n.],c1984. a111 : ;c19 cm. aIncluye datos biográficos del autor en la contracubierta 0aPoesía dominicana 0aLiteratura dominicana.